Little Shop of Horrors Musical Film Trivia - Statistics

General Stats
  • This quiz has been taken 81 times
  • The average score is 8 of 15
Answer Stats
Hint Answer % Correct
Name given to flesh eating plant Audrey II
92%
Character portrayed by Rick Moranis Seymour Krelborn
90%
Occupation of Orin Scrivello Dentist
86%
What colour was the somewhere that Audrey wanted to go? Green
85%
Event which caused said character to find a flesh eating plant Solar Eclipse
71%
Decade the film is set in 1960's
70%
Year of film release. 1986
70%
City the film is set in New York City
64%
Chiffon, Ronette and _______ provide the back-up 'Greek Chorus' vocals throughout the film Crystal
53%
Ghostbusters comedian who made an appearance Bill Murray
42%
Fill in the lyric blank: I'm just a mean green ________ _____ _______ ______ Mother from Outer Space
42%
Director. Frank Oz
29%
Performer who provided the voice for flesh eating plant Levi Stubbs
22%
Name of the plant store the main characters work in Mushniks Plant Shop
7%
Singer originally offered the role of Audrey before Ellen Greene Cyndi Lauper
4%
No matching quizzes found
Score Distribution
Percent of People with Each Score
Percentile by Number Answered
Your Score History
You have not taken this quiz